| 000 | 00403nam a2200157Ia 4500 | ||
|---|---|---|---|
| 008 | 221030s9999 xx 000 0 und d | ||
| 020 | _a8122406513 | ||
| 041 | _aEnglish | ||
| 082 |
_a105.23 _bGup |
||
| 100 | _aS. K. Gupta | ||
| 245 | 0 |
_aNumerical Methods for Engineers _cby S. K. Gupta |
|
| 260 |
_bNew Age International Pub _aNew Delhi _c2001 |
||
| 300 | _a407 | ||
| 650 | _aBE Computer | ||
| 942 | _cBK | ||
| 999 |
_c3301 _d3301 |
||